| 000 | 00535nam a2200181 a 4500 | ||
|---|---|---|---|
| 001 | 48 | ||
| 003 | CDMR | ||
| 005 | 20130605094538.0 | ||
| 008 | 130130s ||||||||||||||||||||||||||||d | ||
| 040 |
_aCDMR _bcat _cCDMR |
||
| 111 | 2 |
_aMostra Fotoperiodisme _cLleida _d1993 _n1ª _953 |
|
| 245 | 1 | 0 | _a1a Mostra fotoperiodisme de Lleida |
| 260 |
_bCol·legi de Periodistes de Catalunya. Demarcació de Lleida _aLleida |
||
| 300 |
_a30 p ; _c30 cm |
||
| 500 | _aCatàleg d'exposició | ||
| 650 | 0 | 4 |
_93679 _aFotoperiodisme _xExposicions |
| 942 |
_cMON _2ddc |
||
| 999 |
_c48 _d48 |
||